01370cam a2200325 i 450000100090000000300040000900500170001300800410003001000170007102000370008803500130012504000280013804200080016605000210017408200170019510000220021224500700023426400870030430000230039133600260041433700280044033800270046850400530049550502170054858300410076565000270080665000260083365000280085977601570088718759824OSt20260616155932.0150826s2015 ilu b 001 0 eng  a 2015033451 a9780830840953qpbk. : alk. paper a18759824 aDLCbengcDLCerdadDLC apcc00aBR118b.M24 201500a230/.0462231 aMcCall, Thomas H.13aAn invitation to analytic Christian theology /cThomas H. McCall. 1aDowners Grove, Illinois :bIVP Academic, an imprint of InterVarsity Press,c[2015] a182 pages ;c23 cm atextbtxt2rdacontent aunmediatedbn2rdamedia avolumebnc2rdacarrier aIncludes bibliographical references and indexes.0 aWhat is analytic theology? -- Analytic theology and Christian scripture -- Analytic theology and the history of doctrine -- Analytic theology for the church and the world -- Analytic theology to the glory of God. aCataloguing:c20260616kgtanuigtanui 0aTheologyxMethodology. 0aAnalysis (Philosophy) 0aPhilosophical theology.08iOnline version:aMcCall, Thomas H.tInvitation to analytic Christian theologydDowners Grove : InterVarsity Press, 2015z9780830899302w(DLC) 2015034219